书目信息 |
| 题名: |
预见学习 遇见成长
|
|
| 作者: | 胡振芳 主编 | |
| 分册: | ||
| 出版信息: | 北京 中国书籍出版社 2020.04 |
|
| 页数: | 238页 | |
| 开本: | 24cm | |
| 丛书名: | ||
| 单 册: | ||
| 中图分类: | G622.0 | |
| 科图分类: | ||
| 主题词: | 小学--xiao xue--教学研究 | |
| 电子资源: | ||
| ISBN: | 978-7-5068-7821-0 | |
| 000 | 00896nam0 2200241 450 | |
| 001 | 0104125625 | |
| 005 | 20201104125712.0 | |
| 010 | @a978-7-5068-7821-0@dCNY59.00 | |
| 100 | @a20200713d2020 em y0chiy50 ea | |
| 101 | 0 | @achi |
| 102 | @aCN@b110000 | |
| 105 | @ay z 000yy | |
| 106 | @ar | |
| 200 | 1 | @a预见学习 遇见成长@Ayu jian xue xi yu jian cheng zhang@e学校开展项目学习的实践与探索@f胡振芳主编 |
| 210 | @a北京@c中国书籍出版社@d2020.04 | |
| 215 | @a238页@d24cm | |
| 330 | @a本书分为三部分,分别是“项目学习”课程设计、“项目学习”叙事研究、“项目学习”研究成果,通过举例来进一步说明项目学习的实践与结果。 | |
| 517 | 1 | @a学校开展项目学习的实践与探索@Axue xiao kai zhan xiang mu xue xi de shi jian yu tan suo |
| 606 | 0 | @a小学@Axiao xue@x教学研究 |
| 690 | @aG622.0@v5 | |
| 701 | 0 | @a胡振芳@Ahu zhen fang@4主编 |
| 801 | 0 | @aCN@bBJSZM@c20201104 |
| 905 | @b1260656-60@dG622.0@e1165@f5 | |
| 预见学习 遇见成长:学校开展项目学习的实践与探索/胡振芳主编.-北京:中国书籍出版社,2020.04 |
| 238页;24cm |
| ISBN 978-7-5068-7821-0:CNY59.00 |
| 本书分为三部分,分别是“项目学习”课程设计、“项目学习”叙事研究、“项目学习”研究成果,通过举例来进一步说明项目学习的实践与结果。 |
| ● |
| 相关链接 |
|
|
|
|
正题名:预见学习 遇见成长
索取号:G622.0/1165
 
预约/预借
| 序号 | 登录号 | 条形码 | 馆藏地/架位号 | 状态 | 备注 |
| 1 | 1260656 | 212606562 | 第一样本阅览室/ [索取号:G622.0/1165] | 在馆 | |
| 2 | 1260657 | 212606571 | 教育系资料室/ [索取号:G622.0/1165] | 在馆 | |
| 3 | 1260658 | 212606580 | 教育系资料室/ [索取号:G622.0/1165] | 在馆 | |
| 4 | 1260659 | 212606599 | 第四借阅区/ [索取号:G622.0/1165] | 在馆 | |
| 5 | 1260660 | 212606606 | 第四借阅区/ [索取号:G622.0/1165] | 在馆 |